000 nam a22 7a 4500
999 _c8145
_d8145
008 171130b xxu||||| |||| 00| 0 eng d
100 _94582
_aRANDHAUEAM .J,K
245 _aSUPER 20- SCIENCE -S.P-IX
260 _aNEW DELHI
_bFULL MARKS
_c2018